Loading...
| Fine Arts - Auditory Fine Arts | 5 | 24.00 | 100% | 100% | 40% |
| Fine Arts - Other Fine Arts | 6 | 18.33 | 100% | 50% | 33% |
| Fine Arts - Visual Fine Arts | 8 | 15.00 | 100% | 25% | 25% |
| Geography | 1 | 30.00 | 100% | 100% | 100% |
| History - American History | 3 | 23.33 | 100% | 100% | 33% |
| History - European History | 6 | 25.00 | 100% | 83% | 67% |
| History - Other History | 4 | 25.00 | 100% | 100% | 50% |
| History - World History | 4 | 22.50 | 100% | 75% | 50% |
| Literature - American Literature | 8 | 17.50 | 100% | 50% | 25% |
| Literature - British Literature | 5 | 22.00 | 100% | 80% | 40% |
| Literature - European Literature | 3 | 20.00 | 100% | 67% | 33% |
| Literature - World Literature | 5 | 26.00 | 100% | 100% | 60% |
| Mythology | 4 | 20.00 | 100% | 50% | 50% |
| Philosophy | 9 | 18.89 | 100% | 78% | 11% |
| Pop Culture | 3 | 20.00 | 100% | 67% | 33% |
| Religion | 4 | 25.00 | 100% | 100% | 50% |
| Science - Biology | 6 | 18.33 | 100% | 50% | 33% |
| Science - Chemistry | 5 | 16.00 | 100% | 40% | 20% |
| Science - Other Science | 3 | 20.00 | 100% | 67% | 33% |
| Science - Physics | 6 | 15.00 | 100% | 50% | 0% |
| Social Science | 7 | 15.71 | 100% | 43% | 14% |